|
|
|
|
| LEADER |
00000nam0a2200000 4500 |
| 001 |
362021 |
| 005 |
20231102011440.0 |
| 035 |
|
|
|a (RuTPU)RU\TPU\retro\19367
|
| 090 |
|
|
|a 362021
|
| 100 |
|
|
|a 20210712d1980 de y0rusy50 ca
|
| 101 |
0 |
|
|a rus
|
| 102 |
|
|
|a RU
|
| 105 |
|
|
|a a j 001zy
|
| 200 |
1 |
|
|a Холод Земли
|e пособие для учащихся
|f Н. Н. Романовский
|
| 210 |
|
|
|a Москва
|c Просвещение
|d 1980
|
| 215 |
|
|
|a 190 с.
|c ил.
|
| 225 |
1 |
|
|a Мир знаний
|
| 320 |
|
|
|a Библиогр.: с. 189
|
| 606 |
1 |
|
|a Вечная мерзлота
|2 stltpush
|3 (RuTPU)RU\TPU\subj\38205
|9 58859
|
| 610 |
1 |
|
|a мерзлотные геологические процессы
|
| 610 |
1 |
|
|a мерзлотные геологические явления
|
| 610 |
1 |
|
|a подземные воды
|
| 610 |
1 |
|
|a наледи
|
| 610 |
1 |
|
|a возникновение
|
| 610 |
1 |
|
|a развитие
|
| 610 |
1 |
|
|a полезные ископаемые
|
| 610 |
1 |
|
|a добыча
|
| 610 |
1 |
|
|a строительство
|
| 610 |
1 |
|
|a природа
|
| 610 |
1 |
|
|a охрана природы
|
| 610 |
1 |
|
|a пособия
|
| 675 |
|
|
|a 551.345(075.3)
|v 4
|
| 700 |
|
1 |
|a Романовский
|b Н. Н.
|g Николай Никитич
|
| 801 |
|
1 |
|a RU
|b 63413507
|c 20210712
|
| 942 |
|
|
|c BK
|